00000000cam 2200000zi 4500
0019.960940
003CaOODSP
00520260312172151
006m     o  d f      
007cr bn|||||||||
008260312e20260312onc     ol   f000 0 fre d
040 |aCaOODSP|bfre|erda|cCaOODSP
0410 |aeng|afre
043 |an-cn---
0861 |aXB451-269/1-PDF
1101 |aCanada. |bParlement. |bChambre des communes, |eorganisme de publication.
24513|aAn Act to amend the Income Tax Act (heat recovery tax credit) = |bLoi modifiant la Loi de l’impôt sur le revenu (crédit d’impôt pour la récupération de la chaleur).
24611|aLoi modifiant la Loi de l’impôt sur le revenu (crédit d’impôt pour la récupération de la chaleur)
264 1|a[Ottawa] : |bHouse of Commons of Canada = Chambre des communes du Canada, |cle 12 mars 2026.
300 |a1 ressource en ligne (ii, 8 pages).
336 |atexte|btxt|2rdacontent/fre
337 |ainformatique|bc|2rdamedia/fre
338 |aressource en ligne|bcr|2rdacarrier/fre
4901 |aProjet de loi C-... ; |vProjet de loi C-269, 1re session, 45e législature
500 |a« Première session, quarante-cinquième législature, 3-4 Charles III, 2025-2026. »
500 |a« Première lecture le 12 mars 2026. »
500 |a« M. McLean. »
500 |a« 451130. »
520 |a« Le texte modifie la Loi de l’impôt sur le revenu afin d’accorder un crédit d’impôt à certaines entreprises qui font l’acquisition de matériel de récupération de la chaleur pour récupérer la chaleur produite par des procédés industriels et la convertir pour produire de l’énergie » -- Sommaire, page ii.
546 |aTexte en anglais et en français.
61016|aCanada. |tLoi de l'impôt sur le revenu.
650 6|aCrédit d'impôt à l'économie d'énergie|xDroit|zCanada|vLégislation.
655 7|aProjets de loi|2rvmgf
788 |tAn Act to amend the Income Tax Act (heat recovery tax credit) = |eeng|w(CaOODSP)9.960939
830#0|aProjet de loi C-...|vProjet de loi C-269, 1re session, 45e législature.|w(CaOODSP)9.500660
85640|qPDF|s212 Ko|uhttps://publications.gc.ca/collections/collection_2026/parl/XB451-269-1.pdf
8564 |qHTML|sS.O.|uhttps://www.parl.ca/documentviewer/fr/45-1/projet-loi/C-269/premiere-lecture